World Map Without 12 Countries - One Minute Sprint - Statistics

General Stats
  • This quiz has been taken 313 times
  • The average score is 9 of 12
Answers on the Map
Answers color-coded by a green-red scale on the quiz's map according to % correct below.
 
Answer Stats
country % Correct
Turkey
95%
Japan
94%
Norway
90%
Chile
85%
New Zealand
84%
Denmark
82%
South Korea
82%
Sri Lanka
79%
Madagascar
71%
Somalia
69%
Bangladesh
58%
Cyprus
39%
No matching quizzes found
Score Distribution
Percent of People with Each Score
Percentile by Number Answered
Your Score History
You have not taken this quiz